Probabilistic discriminative model for malware detection in Android platform using decompiled source code (Record no. 5210)

MARC details
000 -LEADER
fixed length control field 00574nam a22001817a 4500
003 - CONTROL NUMBER IDENTIFIER
control field OSt
005 - DATE AND TIME OF LATEST TRANSACTION
control field 20220107122815.0
008 - FIXED-LENGTH DATA ELEMENTS--GENERAL INFORMATION
fixed length control field 160610b xxu||||| |||| 00| 0 eng d
040 ## - CATALOGING SOURCE
Transcribing agency IIITMK
100 ## - MAIN ENTRY--PERSONAL NAME
Personal name Gibin George (93515001)
9 (RLIN) 9711
245 ## - TITLE STATEMENT
Title Probabilistic discriminative model for malware detection in Android platform using decompiled source code
300 ## - PHYSICAL DESCRIPTION
Extent Mini project
502 ## - DISSERTATION NOTE
Degree type MPhil Computer Science
Name of granting institution 2015-16
Year degree granted INT
-- Dr. Tony Thomas
650 ## - SUBJECT ADDED ENTRY--TOPICAL TERM
Topical term or geographic name entry element COMPUTER SCIENCE
9 (RLIN) 9712
650 ## - SUBJECT ADDED ENTRY--TOPICAL TERM
Topical term or geographic name entry element MALWARE DETECTION
9 (RLIN) 9713
650 ## - SUBJECT ADDED ENTRY--TOPICAL TERM
Topical term or geographic name entry element ANDROID
9 (RLIN) 9714
942 ## - ADDED ENTRY ELEMENTS (KOHA)
Source of classification or shelving scheme Dewey Decimal Classification
Koha item type
Holdings
Withdrawn status Lost status Source of classification or shelving scheme Damaged status Not for loan Home library Current library Date acquired Total Checkouts Barcode Date last seen Price effective from Koha item type
    Dewey Decimal Classification     IIITM-K Kerala University of Digital Sciences, Innovation and Technology Knowledge Centre 10/06/2016   R-741 10/06/2016 10/06/2016 Project Reports